| 000 | 01277nam a2200253 i 4500 | ||
|---|---|---|---|
| 001 | 66469 | ||
| 003 | ES-MaACL | ||
| 005 | 20230906165644.0 | ||
| 007 | t| | ||
| 008 | 011016s2001 sp ||||0| spa d | ||
| 020 | _a84-7821-464-X | ||
| 080 | _a726.6.025.4(460.156 V.)(063) | ||
| 111 | 2 |
_aCongreso Europeo sobre Restauración de Catedrales Góticas ( _n1º. _d2000. _cVitoria-Gasteiz) _9371 |
|
| 245 | 1 | 3 |
_aLa Catedral de Santa María de Vitoria-Gasteiz / _cPrimer Congreso Europeo sobre Restauración de Catedrales Góticas = Gasteizko Santa Maria Katedrala / Katedrale Gotikoen Zahaberrikuntzari Buruzko Europako I. Batzarrea = First European Congress of Restoration of Gothic Cathedrals. |
| 260 |
_aVitoria-Gasteiz : _bDiputación Foral de Álava, Departamento de Obras Públicas y Urbanismo, _c[2001] |
||
| 300 |
_a164 p. : _bil., gráf., planos ; _c30 cm. |
||
| 500 | _aTexto en castellano y euskera. | ||
| 504 | _aBibliografía: p. 133-159. | ||
| 610 | 2 | 4 |
_aCatedral de Santa María (Vitoria-Gasteiz)- _xRestauración- _vCongresos y asambleas. _92523 |
| 650 | 4 |
_aCatedrales- _xRestauración- _vCongresos y asambleas. _910851 |
|
| 651 | 4 |
_aVitoria- _xEdificios, estructuras, etc. _9149307 |
|
| 710 | 1 |
_aÁlava. _bDiputación Foral. _91310 |
|
| 852 | 4 |
_aES-MaACL _jL-26971 |
|
| 999 |
_c66469 _d66469 |
||